Score 0/16 Timer 04:00
2 Plays Today
% Correct
SpongeBob SquarePants
93.4%
The Powerpuff Girls
90%
Avatar: The Last Airbender
82.4%
Fairly OddParents
82.2%
The Jetsons
80.7%
Kim Possible
77.5%
Duck Tales
74.4%
Courage the Cowardly Dog
67.2%
% Correct
Jimmy Neutron
66.7%
Phineas and Ferb
60.8%
Samurai Jack
55.6%
Teen Titans
44.7%
Danny Phantom
43.2%
Johnny Test
41%
Scooby-Doo, Where are You!
38.6%
Pokémon
34.5%
Remove Ads.
Support Sporcle.
Get the best of Sporcle when you Go Orange. This ad-free experience offers more features, more stats, and more fun while also helping to support Sporcle. Thank you for becoming a member.

You're not logged in!

Compare scores with friends on all Sporcle quizzes.
OR
Log In

Show Comments

Extras

Top Quizzes Today


Score Distribution

Your Account Isn't Verified!

In order to create a playlist on Sporcle, you need to verify the email address you used during registration. Go to your Sporcle Settings to finish the process.

Report this User

Report this user for behavior that violates our Community Guidelines.

Details: